| 000 | 01791nam a2200445 a 4500 | ||
|---|---|---|---|
| 001 | ebr10468428 | ||
| 003 | CaPaEBR | ||
| 006 | m u | ||
| 007 | cr cn||||||||| | ||
| 008 | 981110s1999 nhuabg sb 001 0 eng d | ||
| 010 | _z 98043706 | ||
| 020 | _z0819563714 (cl : alk. paper) | ||
| 020 | _z0819563765 (pa : alk. paper) | ||
| 020 | _z9780819563712 | ||
| 020 | _z9780819571823 (e-book) | ||
| 040 |
_aCaPaEBR _cCaPaEBR |
||
| 035 | _a(OCoLC)49569024 | ||
| 043 | _an-us-oh | ||
| 050 | 1 | 4 |
_aML3838 _b.B439 1999eb |
| 082 | 0 | 4 |
_a781.65 _221 |
| 100 | 1 |
_aBerger, Harris M., _d1966- |
|
| 245 | 1 | 0 |
_aMetal, rock, and jazz _h[electronic resource] : _bperception and the phenomenology of musical experience / _cHarris M. Berger. |
| 260 |
_aHanover, N.H. : _bUniversity Press of New England, _cc1999. |
||
| 300 |
_axiii, 334 p. : _bill., maps, music. |
||
| 490 | 1 | _aMusic/culture | |
| 500 | _a"Wesleyan University Press." | ||
| 504 | _aIncludes bibliographical references (p. 315-323) and index. | ||
| 533 |
_aElectronic reproduction. _bPalo Alto, Calif. : _cebrary, _d2013. _nAvailable via World Wide Web. _nAccess may be limited to ebrary affiliated libraries. |
||
| 650 | 0 | _aMusical perception. | |
| 650 | 0 |
_aMusic _xPhilosophy and aesthetics. |
|
| 650 | 0 |
_aRock music _zOhio _zCleveland _xHistory and criticism. |
|
| 650 | 0 |
_aRock music _zOhio _zAkron _xHistory and criticism. |
|
| 650 | 0 |
_aJazz _zOhio _zCleveland _xHistory and criticism. |
|
| 650 | 0 |
_aJazz _zOhio _zAkron _xHistory and criticism. |
|
| 650 | 0 |
_aMusic _xSocial aspects. |
|
| 655 | 7 |
_aElectronic books. _2local |
|
| 710 | 2 | _aebrary, Inc. | |
| 830 | 0 | _aMusic/culture. | |
| 856 | 4 | 0 |
_uhttp://site.ebrary.com/lib/rucke/Doc?id=10468428 _zAn electronic book accessible through the World Wide Web; click to view |
| 999 |
_c241525 _d241525 |
||